| 000 | 00835nam a2200265 i 4500 | ||
|---|---|---|---|
| 001 | 42234 | ||
| 003 | ES-MaACL | ||
| 005 | 20250827052657.0 | ||
| 007 | t| | ||
| 008 | 030313s1967 sp |||| | spa d | ||
| 040 | _cES-MaACL | ||
| 080 | _a394:248.153.8(569.4/.5)"16" | ||
| 080 | _a915.694/.695"16" | ||
| 100 | 1 |
_aCastillo, Antonio del, _9235708 _d-1699 _eaut |
|
| 245 | 1 | 0 |
_aViaje a Tierra Santa / _cAntonio del Castillo. |
| 260 |
_a[Zaragoza : _bs.n., _c1967] _f(Tall. El Noticiero) |
||
| 300 |
_a289 pƔginas ; _c19 cm. |
||
| 650 | 4 |
_aPeregrinaciones cristianas- _zPalestina. _9159925 |
|
| 651 | 4 |
_aPalestina- _xDescripción. _99196 |
|
| 655 | 0 |
_aNarraciones de viajes _9233914 |
|
| 852 |
_aES-MaACL _cDEPO2 _jC-32504 |
||
| 942 |
_cMONOGRAFIA _n0 |
||
| 999 |
_c42234 _d42234 |
||